Química orgánica : volumen I

Bibliographic Details
Main Author: Wade, L. G.
Format: Section = Libro
Language:Undetermined
Spanish
Published: México Pearson Educación 2012
Edition:7a.ed
Subjects:
LEADER 00728nam a2200277Ia 4500
008 240830s9999 xx 000 0 und d
020 |a 978-607-32-0793-5 
040 |a CEDOC FIQ-RUSB / 547 W119 
041 |a spa 
082 |a 547 W119 
100 1 |a Wade, L. G. 
245 1 0 |a Química orgánica : volumen I 
250 |a 7a.ed 
260 |a México  |b Pearson Educación  |c 2012 
300 |a 1242 p. : il 
650 7 |a QUIMICA ORGANICA 
650 7 |b  MOLECULAS ORGANICAS 
650 7 |c  ESTEREOQUIMICA 
650 7 |d  REACCIONES QUIMICAS 
650 7 |e  HALUROS DE ALQUILO 
650 7 |f  ALQUINO 
650 7 |g  ESPECTROSCOPIANFRARROJA 
650 7 |h  RESONANCIA MAGNETICA. 
942 |c BK  |2 ddc 
991 |a TEXTO 
999 |c 13965